000 00439nam a2200169 a 4500
001 0000-9284
003 ELIB.Books
008 110520 1974
035 _a(ELIB.Books)0000-9436
082 _a227.87
_bSte
100 _aStedman, Ray C.
245 _aWhat more can God Say?
260 _bGlendale: A Division of G/L Publications
_c1974
650 _aNew Testament
942 _2ddc
_cBK
998 _cbat
_e2011-05-20
999 _c9284
_d9284